000
00235nam a2200109Ia 4500
100
_a
#N/A
942
_c
BK
245
_a
Digital Signal Processing with FIELD Programmable GateArrays
260
_b
#N/A
546
_a
ENGLISH
999
_c
34469
_d
34469